Statistics for EPL Player of the Season Recipients

Click here to take the quiz!

General Stats

  • This quiz has been taken 83 times
    (46 since last reset)
  • The average score is 14 of 25

Answer Stats

HintPlayer% Correct
2017/2018- EgyptMohamed Salah
93%
2007/2008- PortugalCristiano Ronaldo
88%
2012/2013- WalesGareth Bale
85%
2013/2014- UruguayLuis Suarez
85%
2018/2019- NetherlandsVirgil van Dijk
85%
2006/2007- PortugalCristiano Ronaldo
83%
2009/2010- EnglandWayne Rooney
70%
2014/2015- BelgiumEden Hazard
68%
2008/2009- SerbiaNemanja Vidic
65%
2003/2004- FranceThierry Henry
65%
2010/2011- SerbiaNemanja Vidic
63%
2016/2017- FranceN'Golo Kante
63%
2005/2006- FranceThierry Henry
58%
1994/1995- EnglandAlan Shearer
55%
2015/2016- EnglandJamie Vardy
55%
2002/2003- NetherlandsRuud Van Nistelrooy
50%
1998/1999- Trinidad and TobagoDwight Yorke
48%
2004/2005- EnglandFrank Lampard
40%
2001/2002- SwedenFreddie Ljungberg
40%
1995/1996- DenmarkPeter Schmeichel
38%
2011/2012- BelgiumVincent Kompany
33%
1997/1998- EnglandMichael Owen
23%
2000/2001- FrancePatrick Vieira
23%
1996/1997- BrazilJuninho
13%
1999/2000- EnglandKevin Phillips
3%

Score Distribution

Percentile by Number Answered

Percent of People with Each Score

Your Score History

You have not taken this quiz since the last reset